• 首页
  • 本馆介绍
  • 公告通知
  • 最新文献
  • 馆藏检索
  • 电子资源
  • 读者导购
  • 参考咨询
  • 我的图书馆
  • 登录
  • 详细信息显示
  • 放入我的书架
  • 预约/预借图书
  • 作者相关作品
  • 分类相关作品
  • 丛书相关作品
  • 出版社相关作品

书目信息

  • 表格格式
  • 工作单格式
  • 卡片格式
题名:
结晶矿物学
    
 
作者: 陈平 主编
分册:  
出版信息: 北京   化学工业出版社  2006
页数: 282页
开本: 26cm
丛书名:
单 册:
中图分类: P573
科图分类:
主题词: 晶体学--矿物学--高等学校--教材 , 晶体学 , 矿物学
电子资源:
ISBN: 7-5025-7781-5
000 00781nam0 2200277 450
001 003036887
005 20080225093453.54
010    @a7-5025-7781-5@dCNY39.80
035    @a003036887
100    @a20051101d2006 em y0chiy0110 ea
101 0  @achi
102    @aCN@b110000
105    @ay z 000yy
106    @ar
200 1  @a结晶矿物学@Ajie jing kuang wu xue@f陈平主编
210    @a北京@c化学工业出版社@d2006
215    @a282页@d26cm
300    @a高等学校教材
330    @a本书共分3篇17章,着重于对本学科基本概念、基本理论、基本知识和基本技能进行阐述和训练。
606 0  @a晶体学@x矿物学@x高等学校@j教材
606 0  @a晶体学
606 0  @a矿物学
690    @aP573@v4
701  0 @a陈平@Achen ping@f(1963~)@4主编
801  0 @aCN@bNLC@c20080225
905    @dP573@e105@f4
    
    结晶矿物学/陈平主编.-北京:化学工业出版社,2006
    282页;26cm
    高等学校教材
    
    ISBN 7-5025-7781-5:CNY39.80
    本书共分3篇17章,着重于对本学科基本概念、基本理论、基本知识和基本技能进行阐述和训练。
●
相关链接 在E读中查询图书 在五车中查询图书 在当当中查询图书 在豆瓣中查询图书


正题名:结晶矿物学     索取号:P573/105         预约/预借

序号 登录号 条形码 馆藏地/架位号 状态 备注
1 0614417   206144171   第二样本阅览室/ [索取号:P573/105] 在馆    
2 0614418   206144180   第三借阅区/ [索取号:P573/105] 在馆    
3 0614419   206144199   第三借阅区/ [索取号:P573/105] 在馆    
4 0614420   206144206   第三借阅区/ [索取号:P573/105] 在馆    
唐山师范学院图书馆 欢迎您!
大连网信软件有限公司© 版权所有